000 00280nam a2200097Ia 4500
005 20250424112906.0
008 250424s9999 xx 000 0 und d
300 _aiv. , 133 p. : ill. ; 30 cm.
650 _aNational Library of Nigeria. Libraries--Nigeria--Periodicals.
942 _cSR
999 _c37733
_d37733